| 000 | 00589nam a2200193Ia 4500 | ||
|---|---|---|---|
| 008 | 140626s9999 xx 000 0 und d | ||
| 100 | _aHilario, Marie. | ||
| 245 |
_aEffects of encouraging songs on selected grade three students with average to elevated levels of anxiety / _cMarie Hilario. |
||
| 260 | _cc2011. | ||
| 300 | _a4 : 1, page 79 | ||
| 440 | _aJournal of Counselling | ||
| 521 | _aPSYCH | ||
| 650 | _aAdlerian psychology. | ||
| 650 | _aAnxiety disorders. | ||
| 650 | _aGradeschool children. | ||
| 650 | _aMusic theraphy. | ||
| 650 | _aPsychotheraphy. | ||
| 942 | _cSE | ||
| 999 |
_c121365 _d121365 |
||